000 00666cam a22002411 4500
001 sa 65006944
003 DLC
005 20260227112146.0
008 890615s1963 ii b 000 0 urdr
010 _asa 65006944
035 _a(OCoLC)19878544
040 _aDLC
_cWaU
_dDLC
042 _apremarc
050 0 0 _aPK2198.R3
_bF37
100 0 _aZamir Hasan,
_d1940-
245 1 0 _aFasānah-yi ʻajāʼib kā tanqīdī mut̤ālaʻah.
260 _c[1963]
300 _a170 p.
_c18 cm.
500 _aText partially vocalized.
500 _aIn Urdu.
504 _aBibliographical footnotes.
600 1 0 _aRajab, Ali Beg,
_d1787 (ca)-1867.
_tFasānah-yi ʻajāʼib.
999 _c64949
_d64949